00671nam a2200157Ia 4500008004100000082001400041100002400055245004200079260002800121300000800149650002300157942001200180999001500192952015900207952014700366191201s2019 xx 000 0 und d a615.1 BHH aBhardwaj, Lokesh. k 0aHealth Education & Community Pharmacy bR.Narain PubaNew Delhi a144 aCommunity Pharmacy 2ddccBK c8321d8321 00102ddc40708DPaPIETbPIETd2019-03-26eKirti Prakashang110.00kIN 3107l1o615.1 BHHpDP499r2021-08-18 00:00:00s2021-08-13v79.75w2019-03-12yBK 00102ddc40708DPaPIETbPIETd2019-03-26eKirti Prakashang110.00kIN 3107l0o615.1 BHHpDP500r2019-12-04 00:00:00v79.75w2019-03-12yBK